000 02026cam a22003377a 4500
999 _c16524
_d16524
001 16202992
003 OSt
005 20180410094806.0
008 100426s2010 enka b 001 0 eng d
010 _a 2010278761
020 _a9781848365209 (pbk.)
020 _a1848365209 (pbk.)
040 _aSEKU
050 0 0 _aTK 5105.88813
_b.B8
100 1 _aBuckley, Peter.
245 1 4 _aThe Rough Guide to cloud computing /
_cPeter Buckley.
246 3 0 _aCloud computing
250 _a1st ed.
260 _aLondon :
_bRough Guides :
_bDistributed by the Penguin Group,
_c2010.
300 _a 213 p. :
_bill. ;
490 1 _aRough guides reference
504 _aIncludes bibliographical references and index.
505 0 _aCloud basics. FAQs : frequently asked questions ; The cloud : from home ; The cloud : going mobile ; Security & safety ; Staying in sync -- Life in the cloud. Staying in touch ; Contacts & calendars ; To-do lists ; Social bookmarks ; Online storage -- Work in the cloud. Online desktops ; Office suites & tools ; Messing with images ; Notes & scrapbooks -- Play in the cloud. Cloud music & video ; Photo clouds ; Social networks ; Maps & more.
520 _aTwenty years from now we will wonder how we managed in the days before all our documents, bookmarks, emails applications and music were available from anywhere, from any device, 24-7. That's what cloud computing is all about: being creative, being entertained and being organized in an ever-changing digital age.
520 _a"The Rough Guide to Cloud Computing" is your essential "how to" guide for taking your life online, teaching you how to use online tools to become more productive, find new ways to work and, of course, play. Covers Google Docs, Zoho Office, Twiddla, Flickr, Spotify and Last.fm, Remember The Milk, and Evernote.
650 0 _aCloud computing.
650 0 _aWeb services.
650 0 _aElectronic data processing
_xDistributed processing.
830 0 _aRough Guides reference guides.
942 _2lcc
_cGEN